Algebra dla klasy ósmej dziewięcioletniej szkoły podstawowej

Bibliographic Details
Main Authors: Jelínek, Miloš, 1910-1993 (Author), Běloun, František, 1912-1992 (Author), Dušek, František, 1906-1992 (Author)
Other Authors: Reichenbach, Józef (Translator), Wałoszek, Karol (Translator)
Format: Book
Language:Polish
Czech
Published: Praha Státní pedagogické nakladatelství 1963
Series:Podręczniki dla dziewięcioletniej szkoły podstawowej

MARC

LEADER 00000nam a2200000 a 4500
001 vtls001264744
003 SK-MaSNL
005 20260416165338.0
008 240315s1963 xr 0 pol
035 |a SNK000215668 
040 |a SNK  |b slo  |c SNK  |e AACR2 
041 1 |a pol  |h cze 
044 |a CZ 
100 1 |a Jelínek, Miloš,  |d 1910-1993  |4 aut  |9 209931 
245 1 0 |a Algebra dla klasy ósmej dziewięcioletniej szkoły podstawowej  |c Miloš Jelínek, František Běloun, František Dušek ; prel. Józef Reichenbach, Karol Wałoszek 
246 1 0 |a Algebra pro 8. ročník základní devítileté školy 
260 |a Praha  |b Státní pedagogické nakladatelství  |c 1963 
300 |a 163, [1] s., [16] s. příl.  |c 8° 
490 0 |a Podręczniki dla dziewięcioletniej szkoły podstawowej 
700 1 |a Běloun, František,  |d 1912-1992  |4 aut  |9 211468 
700 1 |a Dušek, František,  |d 1906-1992  |4 aut  |9 208887 
700 1 |a Reichenbach, Józef  |4 trl  |9 454697 
700 1 |a Wałoszek, Karol  |4 trl  |9 454698 
958 |a RK 
958 |a OND 
999 |c 970596  |d 972526 
952 |t P60, <04>, [BOOK], {604}  |a SNK  |b SNK  |y VYP  |7 0  |o snkIC 35479  |i snkKIP 2466/64  |0 0  |1 0  |4 0  |d 1996-10-30  |l 0  |r 2005-01-01 00:00:00  |w 2026-02-24 
952 |t P60, <04>, [BOOK], {604}  |a SNK  |b SNK  |y VYP  |7 0  |o snkIC 35479 D1  |i snkKIP 2467/64  |0 0  |1 0  |4 0  |d 1996-10-30  |l 0  |r 2005-01-01 00:00:00  |w 2026-02-24